Manaqib-i Ahle-i-Bait alaihim salam/ (Record no. 606825)

000 -LEADER
fixed length control field 00416nam a22001457a 4500
082 ## - DEWEY DECIMAL CLASSIFICATION NUMBER
Classification number 297.64
Author Mark MAN
245 ## - TITLE STATEMENT
Title Manaqib-i Ahle-i-Bait alaihim salam/
Statement of responsibility, etc. tartib va taqdim Zahoor Ahmad Azhar
260 ## - PUBLICATION, DISTRIBUTION, ETC.
Place of publication, distribution, etc. Faisalabad:
Name of publisher, distributor, etc. Al-Baghdad Printers;
Date of publication, distribution, etc. -
300 ## - PHYSICAL DESCRIPTION
Extent 63p.
563 ## - BINDING INFORMATION
Binding note PB
650 ## - SUBJECT ADDED ENTRY--TOPICAL TERM
Topical term or geographic name entry element Women in the Koran
650 ## - SUBJECT ADDED ENTRY--TOPICAL TERM
Topical term or geographic name entry element Muslim women
700 ## - ADDED ENTRY--PERSONAL NAME
Personal name Zahoor Ahmad Azhar
942 ## - ADDED ENTRY ELEMENTS (KOHA)
Source of classification or shelving scheme
Koha item type Book
650 ## - SUBJECT ADDED ENTRY--TOPICAL TERM
-- 119661
650 ## - SUBJECT ADDED ENTRY--TOPICAL TERM
-- 37213
700 ## - ADDED ENTRY--PERSONAL NAME
-- 119670
Holdings
Withdrawn status Lost status Source of classification or shelving scheme Materials specified (bound volume or other part) Damaged status Not for loan Permanent Location Current Location Shelving location Date acquired Source of acquisition Full call number Barcode Date last seen Price effective from Koha item type
      Donated by Rector Sectt NUST Islamabad     Central Library (CL) Central Library (CL) General Stacks 11/25/2023 Donation 297.64 MAN CL-D-2547 11/25/2023 11/25/2023 Book
© 2023 Central Library, National University of Sciences and Technology. All Rights Reserved.